The etruscan cities and Rome

Gespeichert in:
Bibliographische Detailangaben
1. Verfasser: Scullard, Howard Hayes (VerfasserIn)
Format: Buch
Sprache:Englisch
Veröffentlicht: Nueva York Cornell University Press 1967
Schriftenreihe:Aspects of Greek and Roma Life, 3
Schlagworte:
Tags: Tag hinzufügen
Keine Tags, Fügen Sie den ersten Tag hinzu!

MARC

LEADER 00000nam a2200000 a 4500
001 UCP9437
003 CL-VaPUC
008 000324e19670000US |||||||||||||||||eng|d
082 0 4 |a 937.01  |b SCU  |2 21 
100 0 |a Scullard, Howard Hayes  |e author  |9 440015 
245 1 4 |a The etruscan cities and Rome 
300 |a 320 p 
942 |c BK 
945 |d 20000324 00:00:00  |a rherrera 
260 |a Nueva York  |b Cornell University Press  |c 1967 
650 0 |a Historia antigua  |9 267521 
650 0 |a Etruscos  |9 267523 
650 0 |a Civilización etrusca  |9 439393 
650 0 |a Ciudades antiguas  |9 322407 
583 |a last modification  |c 20180403 04:16:38  |k Rodrigo Vera 
490 0 |a Aspects of Greek and Roma Life, 3 
999 |c 286250  |d 286248 
952 |0 0  |1 0  |4 0  |6 937_010000000000000_SCU_1967  |7 0  |8 A  |9 331769  |a BIBHIS  |b BIBHIS  |d 2019-11-20  |i 1399551  |o 937.01 SCU 1967  |p 1399551  |r 2025-01-20  |w 2019-11-20  |y BK  |k HIS